Amazing Graces - Statistics

General Stats
  • This quiz has been taken 21 times
  • The average score is 4 of 15
Answer Stats
Hint Answer % Correct
Film star/princess Grace Kelly
88%
Jamaican actress/singer Grace Jones
53%
Former U.S. First Lady Grace Coolidge
41%
Journalist who lived in the Little House on the Prairie Grace Ingalls
35%
Lighthouse heroine Grace Darling
29%
Former Zimbabwean First Lady Grace Mugabe
29%
Rear admiral/computer scientist Grace Hopper
24%
U.S. comedienne Gracie Allen
24%
Former Vogue editor-in-chief Grace Mirabella
18%
Battlestar Galactica/Hawaii Five-0 actress Grace Park
18%
U.K. comedienne Gracie Fields
18%
Fictional FBI agent Gracie Hart
18%
Irish warrior queen Grace O'Malley
12%
Former Kenyan First Lady Grace Wahu
12%
Olympic figure skater Gracie Gold
12%
No matching quizzes found
Score Distribution
Percent of People with Each Score
Percentile by Number Answered
Your Score History
You have not taken this quiz